|
|
|
|
| LEADER |
01799cas a2200241 a 4500 |
| 001 |
AALejournalIMF014530 |
| 008 |
230101c9999 xx r poo 0 0eng d |
| 020 |
|
|
|c 5.00 USD
|
| 020 |
|
|
|z 9781498345064
|
| 022 |
|
|
|a 1934-7685
|
| 040 |
|
|
|a BD-DhAAL
|c BD-DhAAL
|
| 110 |
2 |
|
|a International Monetary Fund.
|b European Dept.
|
| 245 |
1 |
0 |
|a Bosnia and Herzegovina :
|b Sixth and Seventh Reviews Under the Stand-By Arrangement and Requests for Augmentation of Access and Modification of Performance Criteria.
|
| 264 |
|
1 |
|a Washington, D.C. :
|b International Monetary Fund,
|c 2014.
|
| 300 |
|
|
|a 1 online resource (61 pages)
|
| 490 |
1 |
|
|a IMF Staff Country Reports
|
| 500 |
|
|
|a <strong>Off-Campus Access:</strong> No User ID or Password Required
|
| 500 |
|
|
|a <strong>On-Campus Access:</strong> No User ID or Password Required
|
| 506 |
|
|
|a Electronic access restricted to authorized BRAC University faculty, staff and students
|
| 520 |
3 |
|
|a This paper discusses Bosnia and Herzegovina's Sixth and Seventh Reviews Under the Stand-By Arrangement and Requests for Augmentation of Access and Modification of Performance Criteria (PC). Program performance became more uneven in late 2013 and early 2014, reflecting both economic factors and delays in policy implementation. Fiscal policies were broadly on track, but two end-December 2013 fiscal PCs were missed. As revenue collection steadily improved, all end-March 2014 PCs were met. Given the authorities' overall performance and corrective actions, the IMF staff recommends the completion of the sixth and seventh reviews.
|
| 538 |
|
|
|a Mode of access: Internet
|
| 830 |
|
0 |
|a IMF Staff Country Reports; Country Report ;
|v No. 2014/189
|
| 856 |
4 |
0 |
|z Full text available on IMF
|u http://elibrary.imf.org/view/journals/002/2014/189/002.2014.issue-189-en.xml
|z IMF e-Library
|